Lập trình Windows dùng Visual C++ 5.0 và MFC; T3 Sách tham chiếu đầy đủ nhất,Sách tự học

সংরক্ষণ করুন:
গ্রন্থ-পঞ্জীর বিবরন
প্রধান লেখক: Dương Quang Thiện
বিন্যাস: গ্রন্থ
ভাষা:Undetermined
প্রকাশিত: Hà Nội Thống Kê 1998
বিষয়গুলি:
ট্যাগগুলো: ট্যাগ যুক্ত করুন
কোনো ট্যাগ নেই, প্রথমজন হিসাবে ট্যাগ করুন!
Thư viện lưu trữ: Trung tâm Học liệu Trường Đại học Cần Thơ
LEADER 00636nam a2200181Ia 4500
001 CTU_27531
008 210402s9999 xx 000 0 und d
082 |a 005.43769 
082 |b Th305/T3 
100 |a Dương Quang Thiện 
245 0 |a Lập trình Windows dùng Visual C++ 5.0 và MFC; T3 
245 0 |b Sách tham chiếu đầy đủ nhất,Sách tự học 
245 0 |c Dương Quang Thiện 
260 |a Hà Nội 
260 |b Thống Kê 
260 |c 1998 
650 |a operating systems ( computers ),windows ( computer programs ) 
980 |a Trung tâm Học liệu Trường Đại học Cần Thơ